000 01009nam a22003137a 4500
003 DO-SdBPM
005 20250703132345.0
007 ta
008 171026b 1983 || 00| 0 spa d
020 _a843722005X
040 _aDO-SdBPM
_bspa
_cBPMSU
_erda
082 4 _a843.91
_bV573a 1983
_222
100 1 _aVéry, Pierre,
_d1900-1960
_eautor
245 1 3 _aEl asesino de Papa Noel /
_cPierre Véry ; ilustración Nicolás Wintz ; traducción Mario Merlino
260 _c1983.
264 _aMadrid :
_bEdiciones Altea ;
_c1983
300 _a175 páginas ;
_c18 cm.
_b
336 _atexto
_btxt
_2rdacontent
337 _asin mediación
_bn
_2rdamedia
338 _avolumen
_bnc
_2rdacarrier
490 0 _aAltea junior ;
_aEnigmas,
_v5
500 _aIncluye datos biográficos del autor.
590 _aInventariado, 2025/VM
650 7 _a Novela francesa
700 1 _aWintz, Nicolás,
_eilustración
700 1 _aMerlino, Mario,
_etraductor
910 _aVMateo V. Control de calidad. BPMSU
942 _2ddc
_cBK
999 _c12700
_d12700